Implementation of strategic organizational change: The case of King Abdul Aziz University in Saudi Arabia (Record no. 102544)

000 -LEADER
fixed length control field 01829pab a2200193 454500
008 - FIXED-LENGTH DATA ELEMENTS--GENERAL INFORMATION
fixed length control field 180718b2013 xxu||||| |||| 00| 0 eng d
100 ## - MAIN ENTRY--PERSONAL NAME
Personal name Alhazemi, Abdulrahaman Ali
245 ## - TITLE STATEMENT
Title Implementation of strategic organizational change: The case of King Abdul Aziz University in Saudi Arabia
260 ## - PUBLICATION, DISTRIBUTION, ETC.
Date of publication, distribution, etc. 2013
300 ## - PHYSICAL DESCRIPTION
Extent p.972-981.
362 ## - DATES OF PUBLICATION AND/OR SEQUENTIAL DESIGNATION
Dates of publication and/or sequential designation Oct-Dec
520 ## - SUMMARY, ETC.
Summary, etc. The aim of this research is to examine the role of leadership, culture and learning in the implementation of strategic organizational change in the public sector of Saudi Arabia. In order to address this aim, a case study was conducted in King Abdul Aziz University (KAU). The case study methodology involved interviews with senior employees of the organization. The findings reveal that Arab culture was found to influence the change process as the drivers of the strategic change attempted to turn the university into a modern institution with some values drawn from western culture; learning and training featured prominently in the findings as staff and students were required to learn various skills in order to adopt new systems of education and management; and leadership was found to be crucial as it emerged that the strategic change at KAU was linked to broader aspects of strategic change pioneered by the Ministry of Higher Education. The study also identified various barriers to effective implementation of strategic change such as adherence to the status quo by some groups within Saudi society, the antagonism of some actors towards standard human resource processes, and signs of the inflexibility of management and leadership. - Reproduced.
650 ## - SUBJECT ADDED ENTRY--TOPICAL TERM
Topical term or geographic name entry element Organizational change
700 ## - ADDED ENTRY--PERSONAL NAME
Personal name Hossain, Farhad
700 ## - ADDED ENTRY--PERSONAL NAME
Personal name Rees, Christopher
773 ## - HOST ITEM ENTRY
Main entry heading International Journal of Public Administration
908 ## - PUT COMMAND PARAMETER (RLIN)
Put command parameter N
909 ## -
-- 102546
Holdings
Withdrawn status Lost status Damaged status Not for loan Permanent Location Current Location Date acquired Serial Enumeration / chronology Barcode Date last seen Price effective from Koha item type
        Indian Institute of Public Administration Indian Institute of Public Administration 2018-07-19 Volume no: 36, Issue no: 12-14 AR103006 2018-07-19 2018-07-19 Articles

Powered by Koha